লোডিং...

The law of dismissal and punishment

গ্রন্থ-পঞ্জীর বিবরন
প্রধান লেখক: Banerjee, Paresh Chandra
ভাষা:English
প্রকাশিত: West Bengal Purna Publishing House 1982
সংস্করন:2nd ed.
LEADER 00394nam a22001457a 4500
003 OSt
008 100303t xxu||||| |||| 00| 0 eng d
080 |a 349.22:331.108.64  |b BAN'82 
100 |a Banerjee, Paresh Chandra  |9 11939 
245 |a The law of dismissal and punishment 
250 |a 2nd ed. 
260 |a West Bengal  |b Purna Publishing House  |c 1982 
300 |a 138p. 
942 |c BK  |6 _ 
999 |c 126473  |d 126473